Test Vocabulaire Anglais (vers français) - Cinéma - Statistiques

Statistiques générales
  • Ce quiz a été pris 38 fois
    17 depuis la dernière actualisation
  • Le résultat moyen est 24 sur 145
Statistiques - réponses
Hint Réponse % Correct
a producer un producteur
93%
the crew l'équipe
71%
a cameraman un cameraman
71%
a camera une camera
71%
a film director un réalisateur
71%
a scriptwriter un scénariste
64%
a script un script
43%
the light la lumière
36%
a director of photography un directeur de la photographie
36%
a film un film
36%
watch a film/movie regarder un film
29%
a short film un court métrage
29%
a cartoon un dessin animé
29%
a documentary un documentaire
29%
a trailer une bande-annonce
29%
a comedy une comédie
29%
a musical une comédie musicale
29%
a science fiction film un film de science-fiction
29%
a horror film un film d'horreur
29%
a color film un film en couleur
29%
a black-and-white film un film en noir et blanc
29%
a silent film un film muet
29%
a talking movie un film parlant
29%
a film award un prix
29%
buy a ticket acheter un billet
21%
go to the cinema/the pictures aller au cinéma
21%
assemble assembler
21%
queue up, stand in line faire la queue
21%
the release la sortie
21%
dubbing le doublage
21%
the set le plateau de tournage
21%
special effects les effets spéciaux
21%
direct réaliser
21%
shoot tourner
21%
shoot in a studio tourner en studio
21%
a stuntman un cascadeur
21%
a cinema un cinéma
21%
a clapper board un clap
21%
a distributor un distributeur
21%
a stunt une cascade
21%
a stand-in une doublure
21%
a sequence une séquence
21%
a low-budget film un film à petit budget
21%
an adventure film un film d'aventures
21%
a detective film un film policier
21%
a dud, a clunker un navet
21%
a subtitled un sous-titre
21%
colorize coloriser
14%
distribute distribuer
14%
dub doubler
14%
stardom la célébrité
14%
the framing le cadrage
14%
editing le montage
14%
camera movement le mouvement de la caméra
14%
edit a film monter un film
14%
win a prize remporter un prix
14%
synchronize synchroniser
14%
a film actor un acteur de cinéma
14%
a frame un cadre
14%
a film actress une actrice de cinéma
14%
a soundtrack une bande-son
14%
a screen un écran
14%
a track une piste
14%
a sequel une suite
14%
an editing table une table de montage
14%
a star une vedette
14%
a subtitled version une version sous-titrée
14%
an extra un figurant
14%
a thriller un film à suspense
14%
a commercial film un film publicitaire
14%
a close-up un gros plan
14%
a feature film un long métrage
14%
a film editor un monteur
14%
a projector un projecteur
14%
a screenplay un scénario
14%
a western, a horse opera un western
14%
draw an audience attirer un public
7%
scan balayer
7%
art-house d'art et d'essai
7%
award a prize décerner un prix
7%
perform stunt faire des cascades
7%
release faire sortir en salle
7%
close up on, focus on faire un gros plan sur
7%
pan faire un panoramique
7%
movie-going la fréquentation de la salle
7%
the lighting la manière d'éclairer
7%
day for night la nuit américaine
7%
depth of field la profondeur de champ
7%
the show la séance
7%
the late-night show la séance de minuit
7%
the credits le générique
7%
the props les accessoires
7%
the out-takes les chutes
7%
the dailies, the rushes les épreuves du tournage
7%
the box-office takings les recettes des guichets
7%
the box-office le taux de fréquentation
7%
screen a novel porter un roman à l'écran
7%
feature présenter en vedette
7%
deep profond
7%
show a film projeter un film
7%
bring in, rake in rapporter de l'argent
7%
rake ratisser
7%
subtitle sous-titrer
7%
shoot on location tourner en extérieur
7%
universal admission tous publics
7%
universal, children tous publics y compris jeunes enfants
7%
a shooting angle un angle de vue
7%
a flop un bide
7%
a lighting director un chef éclairagiste
7%
a multiplex cinema un cinéma multisalles
7%
a drive-in un cinéma plein air
7%
a moviegoer un cinéphile
7%
a travelogue un documentaire touristique
7%
a press view une avant-première
7%
a box-office failure un échec commercial
7%
a film library une cinémathèque
7%
a low-angle shot une contre-plongée
7%
a major company une grande société de production
7%
a remake une nouvelle version
7%
an usherette une ouvreuse
7%
a film une pellicule
7%
a board une planche
7%
a high-angle shot une plongée
7%
a shot une prise de vue
7%
a prize une récompense
7%
a continuity girl une scriptgirl
7%
a mammoth production une superproduction
7%
a film festival un festival cinématographique
7%
an Award-winning film un film couronné
7%
an art film un film d'auteur
7%
a gore movie un film d'horreur sanglant
7%
a skin flick un film porno
7%
a blockbuster un immense succès
7%
a film buff, a film fan un mordu de cinéma
7%
a boom operator un perchiste
7%
a close medium shot un plan américain
7%
a long shot un plan général
7%
an independent un producteur indépendant
7%
a supporting actor un second rôle
7%
a studio un studio de tournage
7%
a box-office hit un succès commercial
7%
a tracking shot un travelling
7%
parental guidance accompagnement parental conseillé
0%
aa interdit aux moins de 14 ans
0%
a snuff movie un film sadique
0%
Aucun quiz correspondant
Distribution des résultats
% des personnes avec chaque résultat
Percentile par nombre de réponses
Votre historique - résultats
Vous n’avez pas pris ce quiz depuis la dernière actualisation